Catalog

Record Details

Catalog Search



Buď a nebo v rodinné výchově / Dagmar Kodýtková Cover Image Book Book

Buď a nebo v rodinné výchově / Dagmar Kodýtková

Record details

  • Physical Description: 131 s.
  • Publisher: Praha :  Statní pedagogické nakladatelství ,  1977

Available copies

  • 1 of 1 copy available at Common Catalog SPOK.

Holds

  • 0 current holds with 1 total copy.
Show Only Available Copies
Location Call Number / Copy Notes Barcode Shelving Location Status Due Date
ETS Library 649.1 424470020817 Volný výběr Available -

LDR nam a22 i 4500
00158453
003CZ-PrJAB
00520250206211019.0
007ta
008250206s1977 xr e 000 0 cze
040 . ‡aABG450 ‡bcze ‡erda
08214. ‡a649.1
1001 . ‡aKodýtková, Dagmar ‡4Aut
24510. ‡aBuď a nebo v rodinné výchově / Dagmar Kodýtková
264 1. ‡aPraha :  ‡bStatní pedagogické nakladatelství ,  ‡c1977
300 . ‡a131 s.
336 . ‡atext ‡btxt ‡2rdacontent
338 . ‡asvazek ‡bnc ‡2rdacarrier
910 . ‡aABG450
901 . ‡a58453 ‡bAUTOGEN ‡c58453 ‡tbiblio

Additional Resources